Llista general de socis / Associació Catalanista d'Excursions Científicas
Descripción Física:
8 p. ; 26 cm
MARC
| LEADER | 00000nam a2200000Ia 4500 | ||
|---|---|---|---|
| 001 | 20600 | ||
| 003 | BGR | ||
| 005 | 20260324180145.0 | ||
| 008 | 160829s9999 xx 000 0 cat d | ||
| 080 | |a 1843, exp. 86 | ||
| 110 | 2 | |a Associació Catalanista d'Excursions Científicas |9 70558 | |
| 245 | |a Llista general de socis / Associació Catalanista d'Excursions Científicas | ||
| 260 | |a Barcelona : |b Imprenta de La Renaixensa, [1878?] | ||
| 300 | |a 8 p. ; |c 26 cm | ||
| 610 | 2 | 0 | |a Associació Catalanista d'Excursions Científicas |9 70558 |
| 901 | |a Arxiu | ||
| 942 | |n 1 |2 udc |c MON | ||
| 952 | |0 0 |1 0 |4 0 |6 1843_EXP_86 |7 1 |9 54320 |a Arxiu |b Arxiu |d 2016-12-01 |l 0 |o 1843, exp. 86 |p 20600 |r 2016-12-01 00:00:00 |w 2016-12-01 |y ARXIU | ||
| 999 | |c 58189 |d 58189 | ||